000 00413pab a2200145 454500
008 180718b2003 xxu||||| |||| 00| 0 eng d
100 _aTolley, Michael C.
245 _aJudicial review of agency interpretation of statutes: deference doctrines in comparative perspective
260 _c2003
300 _ap.421-40.
362 _aAug
650 _aJudiciary
773 _aPolicy Studies Journal
909 _a58235
999 _c58235
_d58235